|
|
|
|
| LEADER |
00000nab a2200000 a 4500 |
| 001 |
vtls010627172 |
| 003 |
SK-MaSNL |
| 005 |
20260303085145.0 |
| 008 |
141010c1972 xo r 000 00slo |
| 015 |
|
|
|a SNBRA2014/10SVKPO
|
| 038 |
|
|
|a SVKPO
|
| 040 |
|
|
|a SVKPOCL
|b slo
|c SVKPOCL
|e AACR2
|
| 041 |
0 |
|
|a slo
|
| 044 |
|
|
|a xo
|c SK
|
| 080 |
|
|
|a 329.7(437.6)
|2 2001
|
| 080 |
|
|
|a (048)
|2 2001
|
| 080 |
|
|
|a 94(437.6)
|2 2001
|
| 100 |
1 |
|
|a Chmelárová, Mária
|4 aut
|9 275578
|
| 245 |
1 |
0 |
|a Odkaz minulosti
|c M. Chmelárová
|
| 648 |
|
7 |
|a 1870-1970
|2 svkpocl
|9 332234
|
| 650 |
0 |
7 |
|a revolučné robotnícke hnutie
|z Košice (Slovensko)
|2 svkpocl
|9 1094244
|
| 651 |
|
7 |
|a Košice (Slovensko)
|2 svkpocl
|9 18694
|
| 655 |
|
7 |
|a recenzie
|2 svkpocl
|9 21907
|
| 773 |
0 |
|
|t Nové obzory 14 : spoločenskovedný zborník východného Slovenska
|d Košice : Východoslovenské vydavateľstvo pre Múzeum Slovenskej republiky rád v Prešove, 1972
|g S. 346-348
|
| 787 |
0 |
8 |
|i Rec.:
|a Roják, Dezider
|t Odkaz minulosti : 100 rokov revolučného robotníckeho hnutia a KSČ v Košiciach 1870-1970
|d Košice : Východoslovenské vydavateľstvo, 1971
|
| 787 |
0 |
8 |
|i Rec.:
|a Toman, Štefan
|t Odkaz minulosti : 100 rokov revolučného robotníckeho hnutia a KSČ v Košiciach 1870-1970
|d Košice : Východoslovenské vydavateľstvo, 1971
|
| 852 |
|
|
|a SVKPO
|b KIS3GCP
|
| 958 |
|
|
|a SK
|
| 958 |
|
|
|a NB
|
| 999 |
|
|
|c 1798113
|d 1800043
|